Value at Risk Implementation in Business Practice

Hodnota rizika (Value at Risk - VAR) ako ukazovateľ rizika. Užitočnosť troch modelov odhadu VAR na trhu s kryptomenami. Prístup odhadu VAR na určenie maximálnej straty na trhu s kryptomenami.

Gespeichert in:
Bibliographische Detailangaben
1. Verfasser: Skrypachov, Eduard, 1990-
Weitere Verfasser: Till, Juraj, 1991-
Format: Buchkapitel
Sprache:Englisch
Schlagworte:
Tags: Tag hinzufügen
Keine Tags, Fügen Sie das erste Tag hinzu!

MARC

LEADER 00000naa$a2200000$$$4500
001 0283827
005 20240502074409.4
041 0 |a eng 
044 |a SK 
245 1 0 |a Value at Risk Implementation in Business Practice  |c Eduard Skrypachov, Juraj Till 
520 |a Hodnota rizika (Value at Risk - VAR) ako ukazovateľ rizika. Užitočnosť troch modelov odhadu VAR na trhu s kryptomenami. Prístup odhadu VAR na určenie maximálnej straty na trhu s kryptomenami. 
610 2 0 |a mena virtuálna 
610 2 0 |a riziko 
610 2 0 |a model Value at Risk 
100 1 |a Skrypachov, Eduard, 1990- 
700 1 |a Till, Juraj, 1991-